Análisis pragmático del tratamiento diádico entre cliente y dependiente en tiendas de Tibás, Costa Rica, según la teoría Austiniana de los actos del habla
Spremljeno u:
| Glavni autor: | |
|---|---|
| Format: | Knjiga |
| Jezik: | Undetermined |
| Izdano: |
San José, Costa Rica
Universidad de Costa Rica, Sistema de Estudios de Posgrado
2005
|
| Teme: | |
| Oznake: |
Dodaj oznaku
Bez oznaka, Budi prvi tko označuje ovaj zapis!
|
MARC
| LEADER | 00000nam a2200000Ia 4500 | ||
|---|---|---|---|
| 008 | 170316s9999 xx 000 0 und d | ||
| 040 | |a cru BVZT | ||
| 090 | |a TESIS 742 | ||
| 100 | |a Vega González, Rómulo | ||
| 245 | |a Análisis pragmático del tratamiento diádico entre cliente y dependiente en tiendas de Tibás, Costa Rica, según la teoría Austiniana de los actos del habla | ||
| 260 | |a San José, Costa Rica | ||
| 260 | |b Universidad de Costa Rica, Sistema de Estudios de Posgrado | ||
| 260 | |c 2005 | ||
| 300 | |a 157 páginas | ||
| 650 | |a TRABAJO FINAL DE GRADUACIÓN | ||
| 650 | |a MAGISTER LINGÜÍSTICAE | ||
| 650 | |a SEP | ||
| 650 | |a VOSEO | ||
| 650 | |a EL TU EN COSTA RICA | ||
| 650 | |a ACTOS JUDICATIVOS | ||
| 650 | |a ACTOS EJERCITATIVOS | ||
| 650 | |a ACTOS COMPROMISORIOS | ||
| 650 | |a ACTOS COMPORTATIVOS | ||
| 650 | |a ACTOS EXPOSITIVOS | ||
| 650 | |a CONECTORES PRAGMÁTICOS | ||
| 999 | |c 14404 |d 14404 | ||
| 942 | |c TFG |h TESIS 742 |2 z | ||
